The CIM handbook of export marketing : a practical guide to opening and expanding markets overseas /
Gespeichert in:
| 1. Verfasser: | |
|---|---|
| Format: | Buch |
| Sprache: | English |
| Veröffentlicht: |
Oxford :
Butterworth-Heinemann,
1999.
|
| Ausgabe: | 2nd edition. |
| Schlagworte: | |
| Tags: |
Tag hinzufügen
Keine Tags, Fügen Sie den ersten Tag hinzu!
|
| Thư viện lưu trữ: | Mạng thư viện Đại học Đà Nẵng |
|---|
| LEADER | 00882cam a2200325 i 4500 | ||
|---|---|---|---|
| 001 | 000046400 | ||
| 003 | 5865 | ||
| 005 | 20030217153555.0 | ||
| 008 | 010220|1999 vm 000 eng | ||
| 020 | |a 0750643463 | ||
| 040 | |a IRC |c IRC |d IRC | ||
| 041 | 0 | |a eng | |
| 082 | 1 | 4 | |a 658.848 |b NO-C |
| 100 | 1 | |a Noonan, Chris J. | |
| 245 | 0 | 4 | |a The CIM handbook of export marketing : |b a practical guide to opening and expanding markets overseas / |c Chris J. Noonan. |
| 250 | |a 2nd edition. | ||
| 260 | |a Oxford : |b Butterworth-Heinemann, |c 1999. | ||
| 300 | |a xxiv, 601p. : |b ill. | ||
| 630 | 0 | 4 | |a Export marketing. |
| 650 | 0 | 4 | |a Export marketing. |
| OWN | |a DUT | ||
| 999 | |a From the UDN01 | ||
| TYP | |a Monograph | ||
| TYP | |a Printed language | ||
| 980 | |a Mạng thư viện Đại học Đà Nẵng | ||


